000 00478nam a2200205Ia 4500
005 20250425162448.0
008 250425s9999 xx 000 0 und d
041 _aspa
082 _a623.82285
100 _aJARA, WILMO
245 0 _aAPUNTES DE CLASE DE CONSTRUCCION NAVAL NO METALICA
250 _a1A ED.
260 _aEcuador
_bESPOL
_c2008
260 _aGUAYAQUIL
300 _a19
650 _aBARCOS
650 _aCONSTRUCCION
942 _c01
010 _a75731
999 _c229743
_d229743